[Event "Elit(Stockholms SS-Vasteras)"]
[Site "?"]
[Date "2024.03.08"]
[Round "7"]
[White "Carlsson, Ludvig"]
[Black "Lokander, Martin"]
[Result "0-1"]
[WhiteElo "2361"]
[BlackElo "2452"]
[PlyCount "100"]
[SourceVersionDate "2024.03.11"]

1. Nf3 d5 2. d4 Nf6 3. c4 e6 4. Nc3 Nbd7 5. Bg5 c6 6. e3 Be7 7. Rc1 O-O 8. Bd3
dxc4 9. Bxc4 c5 10. O-O a6 11. a4 cxd4 12. exd4 Nb6 13. Ba2 Bd7 14. Ne5 Be8 15.
Re1 Nfd5 16. Bxe7 Nxe7 17. a5 Nbd5 18. Nxd5 Nxd5 19. Qd2 Ne7 20. Nc4 Bc6 21.
Nb6 Rb8 22. Red1 Qd6 23. Rc5 Rbd8 24. b4 h6 25. h3 Rfe8 26. Nc4 Qb8 27. Ne5 Bd5
28. Bb1 Nc6 29. Nxc6 Bxc6 30. h4 Rd6 31. Qd3 Qd8 32. g3 Qf6 33. Qe3 Red8 34.
Be4 Bxe4 35. Qxe4 Qe7 36. Qf3 Rxd4 37. Rxd4 Rxd4 38. Qb3 Qd6 39. Qc2 f5 40. b5
Rd1+ 41. Kg2 Rd5 42. Rc8+ Kh7 43. bxa6 Qxa6 44. Re8 Kg6 45. Qc7 Rd1 46. Kh2 Qf1
47. Rxe6+ Kh7 48. Qxb7 Rd2 49. Rxh6+ Kxh6 50. Qa6+ Qxa6 0-1

[Event "Elit(Kungstornet-LASK)"]
[Site "?"]
[Date "2024.03.08"]
[Round "7"]
[White "Holm, Kristian Stuvik"]
[Black "Cicak, Slavko"]
[Result "1/2-1/2"]
[WhiteElo "2484"]
[BlackElo "2490"]
[PlyCount "80"]
[SourceVersionDate "2024.03.11"]

1. e4 c5 2. Nf3 d6 3. d4 cxd4 4. Nxd4 Nf6 5. Nc3 g6 6. Be3 Nc6 7. f3 h5 8. Bc4
Bd7 9. Qd2 Na5 10. Be2 Bg7 11. O-O Rc8 12. Nd5 Nxd5 13. exd5 Qc7 14. Nb5 Bxb5
15. Bxb5+ Kf8 16. c3 a6 17. Bd3 Nc4 18. Bxc4 Qxc4 19. f4 f5 20. Rfe1 b5 21. a3
a5 22. Bb6 Ra8 23. Rad1 Ra6 24. Qe3 Bf6 25. Bd4 Bxd4 26. Rxd4 Qc7 27. Qe6 Rg8
28. a4 Rb6 29. b4 Rg7 30. bxa5 Rb8 31. Rb1 bxa4 32. Rxb8+ Qxb8 33. a6 Rf7 34.
Qe2 a3 35. Ra4 Qb3 36. Rb4 Qxc3 37. a7 Qc5+ 38. Qf2 Qc1+ 39. Qf1 Qc5+ 40. Qf2
Qc1+ 1/2-1/2

[Event "Elit(Vaxjo-Orgryte)"]
[Site "?"]
[Date "2024.03.08"]
[Round "7"]
[White "Kumar, Rahul"]
[Black "Hillarp, Tiger"]
[Result "0-1"]
[WhiteElo "2242"]
[BlackElo "2491"]
[PlyCount "106"]
[SourceVersionDate "2024.03.11"]

1. Nf3 c5 2. e3 g6 3. d4 Nf6 4. Nbd2 Qc7 5. Be2 Bg7 6. O-O O-O 7. c3 d5 8. Bd3
Nbd7 9. e4 cxd4 10. cxd4 dxe4 11. Nxe4 Nxe4 12. Bxe4 Nf6 13. Bc2 Bg4 14. Bb3 a5
15. Be3 b5 16. h3 Bxf3 17. Qxf3 a4 18. Rac1 Qd6 19. Bc2 Nd5 20. Be4 Nxe3 21.
fxe3 Rad8 22. Rc5 f5 23. Bc6 e6 24. Rxb5 Kh8 25. Ra5 Qb4 26. Rxa4 Qxb2 27. Kh1
Rd6 28. Ra6 Qc3 29. a4 Bh6 30. Bb5 Rxa6 31. Bxa6 Bxe3 32. Rd1 Bxd4 33. Qb7 e5
34. Qe7 Qc5 35. Qxc5 Bxc5 36. Rd5 Bd4 37. a5 Rf7 38. Bb5 Rc7 39. Rd8+ Kg7 40.
Rd7+ Rxd7 41. Bxd7 e4 42. g4 Kf6 43. gxf5 gxf5 44. Kg2 f4 45. Bg4 Ke5 46. a6
Ba7 47. Bh5 Kd4 48. Bg4 Ke3 49. Bh5 f3+ 50. Kf1 Kf4 51. Be8 e3 52. Bb5 Kg3 53.
Bc6 e2+ 0-1

[Event "Elit(Stockholms SS-Vasteras)"]
[Site "?"]
[Date "2024.03.08"]
[Round "7"]
[White "Thorn, Eric"]
[Black "Bergstrom, Peter"]
[Result "1/2-1/2"]
[WhiteElo "2382"]
[BlackElo "2311"]
[PlyCount "108"]
[SourceVersionDate "2024.03.11"]

1. d4 d5 2. c4 c6 3. Nf3 Nf6 4. Nc3 dxc4 5. a4 Bf5 6. e3 e6 7. Bxc4 Bb4 8. O-O
O-O 9. Nh4 Bg4 10. f3 Bh5 11. g4 Bg6 12. e4 Nbd7 13. Nxg6 hxg6 14. g5 Ne8 15.
f4 Nd6 16. Ba2 Bxc3 17. bxc3 Nxe4 18. Qe1 Nd6 19. Ba3 Qc7 20. f5 Nxf5 21. Bxf8
Nxf8 22. Bb1 Qd8 23. h4 Rc8 24. Bxf5 gxf5 25. Rb1 Rc7 26. Qg3 Rd7 27. Rf3 Qa5
28. Rb4 Qd5 29. h5 b6 30. Rb2 c5 31. dxc5 Qxc5+ 32. Kg2 Qa3 33. Re2 Qxa4 34. g6
Qc6 35. Kh2 fxg6 36. hxg6 Nxg6 37. Rg2 Nf8 38. Rd3 Qc7 39. Rxd7 Qxg3+ 40. Kxg3
Nxd7 41. Rd2 Nc5 42. Kf4 Kf7 43. Rd8 a5 44. c4 Ke7 45. Rg8 Kd6 46. Rxg7 Nd3+
47. Ke3 Ne5 48. Kd4 Nc6+ 49. Kc3 e5 50. Rb7 Kc5 51. Rd7 Nb4 52. Re7 Nc6 53. Rd7
Nb4 54. Re7 Nc6 1/2-1/2

[Event "Elit(Kungstornet-LASK)"]
[Site "?"]
[Date "2024.03.08"]
[Round "7"]
[White "Lyrberg, Patrik"]
[Black "Storme, Isak"]
[Result "1/2-1/2"]
[WhiteElo "2451"]
[BlackElo "2443"]
[PlyCount "116"]
[SourceVersionDate "2024.03.11"]

1. Nf3 d5 2. g3 Nf6 3. Bg2 e6 4. c4 Be7 5. O-O O-O 6. Na3 c5 7. cxd5 exd5 8. d4
Ne4 9. dxc5 Bxc5 10. Nc2 Nc6 11. Be3 Be7 12. Ncd4 Bf6 13. Rc1 Qa5 14. Nxc6 bxc6
15. Nd4 Qxa2 16. Nxc6 Qxb2 17. Rc2 Qb5 18. Nxa7 Qb7 19. Nxc8 Raxc8 20. Rxc8
Rxc8 21. Bd4 Bxd4 22. Qxd4 Nc3 23. Bf3 Qe7 24. e3 Rc4 25. Qd3 Qc5 26. Qf5 g6
27. Qe5 d4 28. Qxc5 Rxc5 29. exd4 Rc4 30. d5 Kg7 31. Ra1 Rd4 32. Ra5 Kf6 33.
Rc5 Rd3 34. Kg2 Ke5 35. Rc7 Kf6 36. Rd7 h5 37. h3 Rd2 38. h4 Rd3 39. d6 Rd2 40.
Rd8 Ke6 41. Re8+ Kf6 42. Re3 Nb5 43. d7 Na7 44. g4 Rxd7 45. gxh5 gxh5 46. Bxh5
Nc6 47. Rg3 Ne5 48. Rg8 Ng6 49. Kg3 Rd3+ 50. f3 Ne7 51. Rg5 Nf5+ 52. Kh3 Rd1
53. Rg4 Rh1+ 54. Kg2 Rxh4 55. Rxh4 Nxh4+ 56. Kh3 Kg5 57. Bxf7 Nxf3 58. Bh5 Kxh5
1/2-1/2

[Event "Elit(Vaxjo-Orgryte)"]
[Site "?"]
[Date "2024.03.08"]
[Round "7"]
[White "Sumets, Andrey"]
[Black "Olsson, William"]
[Result "1-0"]
[WhiteElo "2513"]
[BlackElo "2379"]
[PlyCount "119"]
[SourceVersionDate "2024.03.11"]

1. d4 d5 2. c4 c6 3. Nf3 Nf6 4. e3 Bf5 5. Bd3 Bxd3 6. Qxd3 e6 7. O-O Nbd7 8.
Nc3 Bd6 9. e4 dxc4 10. Qxc4 e5 11. Bg5 O-O 12. Rad1 Qc7 13. h3 b5 14. Qd3 b4
15. Na4 Rfe8 16. dxe5 Bxe5 17. Rfe1 h6 18. Bd2 Nb6 19. Nc5 a5 20. Nxe5 Qxe5 21.
Qc2 Qc7 22. Rc1 Nc8 23. Re3 Ne7 24. a3 bxa3 25. Rxa3 Ng6 26. Be3 Nf4 27. Ra4
Ne6 28. Nb3 Reb8 29. Rca1 Rb5 30. Nd4 Nxd4 31. Bxd4 Nh5 32. Rc4 Ra6 33. Rc5
Rxc5 34. Qxc5 Nf4 35. Be5 Ne6 36. Qc3 Qb6 37. Rd1 Qb4 38. Qd3 Ra8 39. Bc3 Qa4
40. Re1 Qb5 41. Qg3 a4 42. f4 a3 43. f5 Ng5 44. h4 axb2 45. hxg5 b1=Q 46. gxh6
Qc5+ 47. Kh1 Qxe1+ 48. Bxe1 Qd4 49. e5 g6 50. fxg6 Qe4 51. gxf7+ Kxf7 52. Qg7+
Ke6 53. Qf6+ Kd5 54. Bg3 Kc4 55. e6 Re8 56. Qe5 Kd3 57. Qd6+ Kc4 58. Qe5 Kd3
59. Qg7 Qf5 60. Qd7+ 1-0

[Event "Elit(Stockholms SS-Vasteras)"]
[Site "?"]
[Date "2024.03.08"]
[Round "7"]
[White "Akesson, Ralf"]
[Black "Westerberg, Jonathan"]
[Result "1/2-1/2"]
[WhiteElo "2389"]
[BlackElo "2469"]
[PlyCount "126"]
[SourceVersionDate "2024.03.12"]

1. Nf3 g6 2. d4 Bg7 3. c4 c5 4. d5 d6 5. e4 e6 6. Be2 exd5 7. cxd5 a6 8. a4 Nf6
9. Nfd2 O-O 10. O-O Re8 11. Nc3 Nbd7 12. h3 Qc7 13. Qc2 Rb8 14. b3 Nf8 15. Rb1
Bd7 16. a5 Bc8 17. Nc4 N6d7 18. Na4 Ne5 19. Nxe5 Bxe5 20. b4 Bd7 21. Nb6 Bc8
22. Be3 Nd7 23. Na4 Qd8 24. bxc5 dxc5 25. Qd2 Bd6 26. f3 Qf6 27. Nc3 Bc7 28.
Ra1 Be5 29. Ra3 Qd6 30. Ra2 f5 31. Bd3 f4 32. Bf2 g5 33. Na4 h5 34. Be2 g4 35.
fxg4 Nf6 36. Bxc5 Qd8 37. Bb6 Qe7 38. gxh5 Nxe4 39. Qc2 Bf5 40. Bd3 Rbc8 41.
Qb1 Qf6 42. Re1 Ng3 43. Bxf5 Nxf5 44. Bf2 Rc7 45. Nc5 Rce7 46. Ne6 Ng7 47. Rae2
Bc3 48. Rc1 Nxh5 49. Qb3 Be5 50. Rce1 Bd6 51. Qf3 Qg6 52. Bh4 Ng3 53. Bxg3 Qxg3
54. Qxg3+ fxg3 55. Re4 Rf7 56. Rc1 Rf5 57. Rg4+ Kh8 58. Rh4+ Kg8 59. Rg4+ Kh8
60. Rf1 Rxe6 61. Rh4+ Kg7 62. Rg4+ Kh7 63. Rh4+ Kg7 1/2-1/2

[Event "Elit(Kungstornet-LASK)"]
[Site "?"]
[Date "2024.03.08"]
[Round "7"]
[White "Pantzar, Milton"]
[Black "Aronsson, Marten"]
[Result "1-0"]
[WhiteElo "2461"]
[BlackElo "2286"]
[PlyCount "117"]
[SourceVersionDate "2024.03.11"]

1. d4 d5 2. c4 c6 3. Nf3 Nf6 4. Nbd2 Bf5 5. Nh4 Be4 6. Qb3 Qb6 7. f3 Bg6 8.
cxd5 cxd5 9. Qxb6 axb6 10. Nxg6 hxg6 11. e3 e6 12. Kf2 Nc6 13. Nb1 Bd6 14. h3
Ke7 15. Nc3 Rhc8 16. Bd2 Na5 17. Bd3 Nc4 18. Bxc4 Rxc4 19. Ke2 Rac8 20. Kd3 Bb4
21. Rac1 Bxc3 22. Rxc3 Nd7 23. Rxc4 Rxc4 24. b3 Rc8 25. Bb4+ Kf6 26. e4 Nb8 27.
h4 g5 28. h5 g4 29. exd5 exd5 30. fxg4 Kg5 31. Rf1 f6 32. Bd2+ Kxg4 33. h6 gxh6
34. Rxf6 Rc6 35. Rf8 Na6 36. Rg8+ Kf5 37. a3 Rg6 38. Rxg6 Kxg6 39. Bf4 h5 40.
Bh2 Kf5 41. b4 b5 42. Ke3 Kg4 43. Bd6 Kg5 44. Kd3 Kg4 45. Bh2 Kf5 46. Be5 Kg4
47. Ke2 Kf5 48. Kd3 Kg4 49. Ke2 Kf5 50. Kf3 Kg5 51. Kg3 b6 52. Kh3 Kf5 53. Kh4
Nc5 54. bxc5 bxc5 55. Kxh5 c4 56. g4+ Ke4 57. g5 b4 58. axb4 Kf5 59. g6 1-0

[Event "Elit(Vaxjo-Orgryte)"]
[Site "?"]
[Date "2024.03.08"]
[Round "7"]
[White "Frisk Kockum, Anton"]
[Black "Solodovnichenko, Yuri"]
[Result "1/2-1/2"]
[WhiteElo "2314"]
[BlackElo "2477"]
[PlyCount "66"]
[SourceVersionDate "2024.03.11"]

1. d4 d5 2. c4 e6 3. Nf3 Nf6 4. Nc3 a6 5. cxd5 exd5 6. Bg5 Be6 7. Qb3 Ra7 8. e3
Bd6 9. Bd3 Nbd7 10. Rd1 O-O 11. Bb1 Re8 12. O-O c6 13. h3 Qc7 14. Ne2 Nh5 15.
g4 Nhf6 16. Bf4 h5 17. g5 Ne4 18. Kg2 Nf8 19. Bxd6 Qxd6 20. Nf4 Nh7 21. g6 fxg6
22. Ne5 g5 23. Nxh5 Nhf6 24. Ng3 Rf8 25. Qb6 Qb8 26. Bxe4 dxe4 27. Qc5 Bd5 28.
Nf5 b6 29. Ne7+ Kh7 30. Qa3 Qe8 31. N7xc6 Bxc6 32. Nxc6 Raf7 33. Ne5 Nd5
1/2-1/2

[Event "Elit(Stockholms SS-Vasteras)"]
[Site "?"]
[Date "2024.03.08"]
[Round "7"]
[White "Lissang, Christopher"]
[Black "Norberg, Johan"]
[Result "1/2-1/2"]
[WhiteElo "2341"]
[BlackElo "2263"]
[PlyCount "30"]
[SourceVersionDate "2024.03.12"]

1. e4 g6 2. d4 Bg7 3. Nf3 d6 4. c3 Nf6 5. Bd3 O-O 6. O-O c6 7. Nbd2 Nbd7 8. Re1
e5 9. a4 Qc7 10. h3 Re8 11. Bf1 d5 12. exd5 Nxd5 13. dxe5 Nxe5 14. Nxe5 Rxe5
15. Rxe5 Bxe5 1/2-1/2

[Event "Elit(Kungstornet-LASK)"]
[Site "?"]
[Date "2024.03.08"]
[Round "7"]
[White "Henriksson, Johan"]
[Black "Mauritsson, Sebastian"]
[Result "1/2-1/2"]
[WhiteElo "2283"]
[BlackElo "2389"]
[PlyCount "106"]
[SourceVersionDate "2024.03.11"]

1. d4 d5 2. Nf3 Nf6 3. c4 c6 4. Nc3 dxc4 5. e4 b5 6. Be2 Bg4 7. O-O e6 8. a4 b4
9. e5 Nd5 10. Ne4 c3 11. bxc3 Nxc3 12. Nxc3 bxc3 13. Qb3 Nd7 14. Qxc3 Rc8 15.
Ba6 Rc7 16. Nd2 Bf5 17. Nc4 Nb8 18. Nd6+ Bxd6 19. exd6 Rd7 20. Bd3 Bxd3 21.
Qxd3 Rxd6 22. Qg3 O-O 23. Bh6 g6 24. Rab1 Na6 25. Bxf8 Kxf8 26. Qc3 Rxd4 27.
Qxc6 Qa5 28. Rfd1 Rxa4 29. Qa8+ Kg7 30. Qxa7 Nc7 31. Qe3 Ne8 32. g3 Nf6 33. h3
h5 34. Qf3 h4 35. g4 Nd5 36. Rb7 Rf4 37. Qd3 Qc5 38. Rd2 Qc1+ 39. Rd1 Qc5 40.
Qd2 g5 41. Qb2+ Rf6 42. Rb5 Qc4 43. Rd4 Qc7 44. Qd2 Kh6 45. Rdxd5 exd5 46. Rxd5
Qf4 47. Qc2 Qf3 48. Rd8 Kg7 49. Qc5 Kh7 50. Rd5 Re6 51. Re5 Rc6 52. Qe3 Qxe3
53. Rxe3 Kg6 1/2-1/2

[Event "Elit(Vaxjo-Orgryte)"]
[Site "?"]
[Date "2024.03.08"]
[Round "7"]
[White "Lindberg, Bengt"]
[Black "Arnelind, Mikael"]
[Result "1-0"]
[WhiteElo "2342"]
[BlackElo "2206"]
[PlyCount "81"]
[SourceVersionDate "2024.03.11"]

1. e4 e6 2. d4 d5 3. Nc3 Bb4 4. e5 b6 5. a3 Bf8 6. Bb5+ c6 7. Ba4 b5 8. Bb3 a5
9. Nce2 c5 10. c3 Nc6 11. Nf3 Qb6 12. O-O Ba6 13. Re1 Rc8 14. Be3 c4 15. Bc2 g6
16. Nf4 Nh6 17. h3 Ne7 18. Nh2 Bg7 19. Ng4 Nxg4 20. hxg4 Bb7 21. Bd2 Nc6 22.
Re3 Rb8 23. Rh3 Bc8 24. Ne2 Bd7 25. Qc1 b4 26. Rb1 bxa3 27. bxa3 Qc7 28. Bh6
Rxb1 29. Bxb1 Bxh6 30. Qxh6 Qb6 31. Bxg6 fxg6 32. Qg7 Rf8 33. Rxh7 Bc8 34. Nf4
Qb7 35. Qxg6+ Rf7 36. Nh5 Nd8 37. Nf6+ Ke7 38. Rh8 Qb5 39. Qg8 Qb1+ 40. Kh2 Bd7
41. Qxd8# 1-0

[Event "Elit(Stockholms SS-Vasteras)"]
[Site "?"]
[Date "2024.03.08"]
[Round "7"]
[White "Landgren, Andreas"]
[Black "Ertan, Can"]
[Result "1/2-1/2"]
[WhiteElo "2228"]
[BlackElo "2358"]
[PlyCount "97"]
[SourceVersionDate "2024.03.12"]

1. d4 Nf6 2. c4 e6 3. Nf3 b6 4. g3 Ba6 5. b3 Bb4+ 6. Bd2 Be7 7. Nc3 d5 8. cxd5
exd5 9. Bg2 c5 10. O-O O-O 11. dxc5 bxc5 12. Ne5 Bb7 13. Bf4 Na6 14. Qd2 Nc7
15. Rfd1 Bd6 16. Nc4 Bxf4 17. Qxf4 Rb8 18. Qd6 dxc4 19. Qxd8 Rfxd8 20. Rxd8+
Rxd8 21. Bxb7 Rb8 22. Bf3 cxb3 23. axb3 Rxb3 24. Rxa7 Rxc3 25. Rxc7 Kf8 26. h4
h5 27. Kg2 Rc2 28. Bb7 Ne8 29. Rc8 Ke7 30. Bc6 Nf6 31. Ba4 Rxe2 32. Rc7+ Ke6
33. Bb3+ Kd6 34. Rxf7 Ng4 35. Bd1 Ne3+ 36. Kf3 Re1 37. Ba4 Ng4 38. Rxg7 Ra1 39.
Bb5 c4 40. Bxc4 Ne5+ 41. Kf4 Nxc4 42. Rg5 Rf1 43. Kf3 Ra1 44. Rxh5 Ra3+ 45. Kg2
Ra2 46. Rg5 Ne3+ 47. Kg1 Ra1+ 48. Kh2 Ra2 49. Kg1 1/2-1/2

[Event "Elit(Kungstornet-LASK)"]
[Site "?"]
[Date "2024.03.08"]
[Round "7"]
[White "Smith, Axel"]
[Black "Couso, Luis"]
[Result "1/2-1/2"]
[WhiteElo "2421"]
[BlackElo "2245"]
[PlyCount "36"]
[SourceVersionDate "2024.03.11"]

1. c4 c5 2. e3 Nf6 3. d4 cxd4 4. exd4 d5 5. Nc3 Nc6 6. Bg5 Be6 7. Nf3 g6 8. c5
Ne4 9. Bb5 Bg7 10. Bxc6+ bxc6 11. Bf4 O-O 12. Qa4 Qc8 13. O-O f6 14. Rfe1 g5
15. Bc1 g4 16. Nd2 f5 17. Ndxe4 fxe4 18. Ne2 Qd7 1/2-1/2

[Event "Elit(Vaxjo-Orgryte)"]
[Site "?"]
[Date "2024.03.08"]
[Round "7"]
[White "Troberg Eskola, Love"]
[Black "Arman, Deniz"]
[Result "0-1"]
[WhiteElo "2045"]
[BlackElo "2305"]
[PlyCount "58"]
[SourceVersionDate "2024.03.11"]

1. c4 g6 2. Nf3 Bg7 3. Nc3 Nf6 4. e4 e5 5. d4 exd4 6. Nxd4 O-O 7. Be2 Re8 8. f3
c6 9. Nc2 d5 10. cxd5 cxd5 11. exd5 Qb6 12. Qd4 Qxd4 13. Nxd4 Na6 14. Ndb5 Bd7
15. Kf2 Bf8 16. Be3 Nb4 17. Nc7 Rxe3 18. Nxa8 Bc5 19. Kf1 Nbxd5 20. Nxd5 Nxd5
21. Bc4 Re8 22. Re1 Ne3+ 23. Rxe3 Bxe3 24. Nc7 Rc8 25. Nd5 Rxc4 26. Nf6+ Kg7
27. Nxd7 Rc1+ 28. Ke2 Rxh1 29. Kxe3 Rxh2 0-1

[Event "Elit(Stockholms SS-Vasteras)"]
[Site "?"]
[Date "2024.03.08"]
[Round "7"]
[White "Olund, Joar"]
[Black "Hamark, Jesper"]
[Result "1-0"]
[WhiteElo "2362"]
[BlackElo "2309"]
[PlyCount "183"]
[SourceVersionDate "2024.03.12"]

1. c4 b6 2. e4 Bb7 3. Nc3 e6 4. a3 c5 5. Nf3 Nf6 6. e5 Ne4 7. h4 d6 8. Bd3 Nxc3
9. dxc3 Nd7 10. Bf4 Qc7 11. Qe2 dxe5 12. Nxe5 Bd6 13. Be4 Nxe5 14. Bxb7 Qxb7
15. Bxe5 Bxe5 16. Qxe5 O-O 17. O-O-O Rad8 18. f3 Qe7 19. h5 h6 20. f4 Qb7 21.
Qe2 Qc7 22. Qe4 Kh8 23. Kc2 Rfe8 24. g4 Qe7 25. Qe5 Kg8 26. Rhg1 Qh4 27. Qe2
Kf8 28. Kb3 Qe7 29. Rxd8 Rxd8 30. g5 Qd6 31. gxh6 gxh6 32. Qe4 Ke7 33. a4 Qd3
34. Qe5 Qd6 35. Qe4 Qd3 36. Qb7+ Rd7 37. Qg2 a6 38. Qc6 Qd6 39. Qa8 Qxf4 40.
Rg8 Kf6 41. Qf8 Kf5 42. Rg7 e5 43. Qc8 Kf6 44. Rg1 Rd6 45. Qf8 Rd7 46. Rg6+ Kf5
47. Qg7 Qh4 48. Rxb6 Qg5 49. Qf8 Kf4 50. Qxc5 e4 51. Qf2+ Kg4 52. Qg2+ Kf4 53.
Qf2+ Kg4 54. Qe2+ Kf4 55. Ka2 e3 56. c5 Qd5+ 57. Ka3 Re7 58. Rb4+ Re4 59. Qh2+
Kf3 60. Qh1+ Kf4 61. Qh4+ Kf5 62. Qh3+ Kf4 63. Qh4+ Kf5 64. Qxe4+ Qxe4 65. Rxe4
Kxe4 66. c6 e2 67. c7 e1=Q 68. c8=Q Qa1+ 69. Kb3 Qd1+ 70. Kb4 Qd6+ 71. Ka5 f5
72. c4 f4 73. c5 Qd5 74. Kb6 f3 75. c6 f2 76. Qe8+ Kd3 77. Qd7 Kd4 78. Qxd5+
Kxd5 79. c7 f1=Q 80. c8=Q Qf6+ 81. Ka5 Qxb2 82. Qf5+ Kc6 83. Qc8+ Kd5 84. Qd7+
Kc5 85. Qc7+ Kd5 86. Qd7+ Kc5 87. Qc7+ Kd5 88. Qb6 Qc2 89. Qb7+ Kd4 90. Qb4+
Kd5 91. Kxa6 Qc6+ 92. Ka7 1-0

[Event "Elit(Kungstornet-LASK)"]
[Site "?"]
[Date "2024.03.08"]
[Round "7"]
[White "Andersson, Fredrik"]
[Black "Dragicevic, Drazen"]
[Result "1/2-1/2"]
[WhiteElo "2241"]
[BlackElo "2322"]
[PlyCount "41"]
[SourceVersionDate "2024.03.11"]

1. e4 c5 2. Nf3 Nc6 3. Bb5 g6 4. Bxc6 bxc6 5. d4 Bg7 6. O-O cxd4 7. Nxd4 Nh6 8.
Re1 f6 9. c4 c5 10. Nf5 Nxf5 11. exf5 d6 12. fxg6 hxg6 13. Nc3 Kf8 14. Nd5 e5
15. f4 Be6 16. Qf3 f5 17. fxe5 dxe5 18. Be3 Rc8 19. Qf2 Qh4 20. Bxc5+ Kf7 21.
Qxh4 1/2-1/2

[Event "Elit(Vaxjo-Orgryte)"]
[Site "?"]
[Date "2024.03.08"]
[Round "7"]
[White "Olofsson-Dolk, Mattis"]
[Black "Eksmyr, Johan"]
[Result "0-1"]
[WhiteElo "2210"]
[BlackElo "2078"]
[PlyCount "80"]
[SourceVersionDate "2024.03.11"]

1. e4 c6 2. d4 d5 3. e5 Bf5 4. Nf3 e6 5. Be2 c5 6. c3 Nc6 7. O-O h5 8. Be3 c4
9. Nfd2 Nh6 10. b3 b5 11. a4 a6 12. axb5 axb5 13. Rxa8 Qxa8 14. Bxh5 Qa2 15. b4
Bc2 16. Qc1 Nf5 17. Bf3 Bd3 18. Re1 Nxe3 19. fxe3 Qa7 20. Na3 Qb8 21. e4 Nxe5
22. dxe5 Qxe5 23. Nf1 dxe4 24. Be2 Bd6 25. Qe3 Qxc3 26. Bxd3 Qxd3 27. Nxb5 Bxb4
28. Ra1 O-O 29. Ra4 Qxe3+ 30. Nxe3 Bc5 31. Kf2 Rb8 32. Na3 Rb2+ 33. Kg3 Bxe3
34. Nxc4 Bf2+ 35. Kf4 Re2 36. Nd6 Bg1 37. Kg3 Re3+ 38. Kf4 Re1 39. Ra8+ Kh7 40.
Nxf7 Rf1+ 0-1

[Event "Elit(Stockholms SS-Vasteras)"]
[Site "?"]
[Date "2024.03.08"]
[Round "7"]
[White "Janse, Love"]
[Black "Cederstam, Carl"]
[Result "1/2-1/2"]
[WhiteElo "2206"]
[BlackElo "2231"]
[PlyCount "43"]
[SourceVersionDate "2024.03.12"]

1. e4 e5 2. Nc3 Nf6 3. Bc4 Nc6 4. d3 Bb4 5. Bg5 h6 6. Bxf6 Qxf6 7. Nge2 Na5 8.
O-O Nxc4 9. Nd5 Qd6 10. dxc4 Bc5 11. Ng3 g6 12. Qf3 c6 13. b4 Bxb4 14. Nxb4
Qxb4 15. Qf6 O-O 16. Rab1 Qxc4 17. Nf5 gxf5 18. exf5 d6 19. Rb3 Bxf5 20. Rg3+
Bg6 21. Rxg6+ fxg6 22. Qxg6+ 1/2-1/2

[Event "Elit(Kungstornet-LASK)"]
[Site "?"]
[Date "2024.03.08"]
[Round "7"]
[White "Nord, Alexander"]
[Black "Larsson, Anders"]
[Result "1/2-1/2"]
[WhiteElo "2209"]
[BlackElo "2220"]
[PlyCount "93"]
[SourceVersionDate "2024.03.11"]

1. d4 g6 2. e4 Bg7 3. Nc3 c6 4. f4 d5 5. e5 h5 6. Nf3 Nh6 7. Be3 Bg4 8. h3 Bxf3
9. Qxf3 e6 10. g3 Nd7 11. Bd3 Qa5 12. O-O-O b5 13. Kb1 Nb6 14. g4 Nc4 15. Bc1
hxg4 16. hxg4 O-O-O 17. f5 gxf5 18. gxf5 Nxf5 19. Bxf5 exf5 20. Qxf5+ Kb8 21.
Qxf7 Qb4 22. Ka1 Bh6 23. a3 Nxa3 24. Bxh6 Nxc2+ 25. Kb1 Qb3 26. Qf2 Na3+ 27.
Kc1 b4 28. Qd2 bxc3 29. Qxc3 Qxc3+ 30. bxc3 Nb5 31. Bd2 Kb7 32. Rdf1 Kb6 33.
Kc2 Rdg8 34. Rxh8 Rxh8 35. Rf2 Na3+ 36. Kb2 Nc4+ 37. Kc2 a5 38. Bg5 Re8 39. Rf7
c5 40. Be7 cxd4 41. cxd4 Kc6 42. Rf6+ Kd7 43. Bc5 Re6 44. Rf7+ Kc6 45. Rf6 Kd7
46. Rf7+ Kc6 47. Rf6 1/2-1/2

[Event "Elit(Vaxjo-Orgryte)"]
[Site "?"]
[Date "2024.03.08"]
[Round "7"]
[White "Anderzen, Robert"]
[Black "Rydstrom, Tom"]
[Result "0-1"]
[WhiteElo "2119"]
[BlackElo "2259"]
[PlyCount "74"]
[SourceVersionDate "2024.03.11"]

1. d4 Nf6 2. c4 e6 3. Nf3 d5 4. g3 Bb4+ 5. Bd2 Be7 6. Bg2 O-O 7. O-O c6 8. Qc2
Nbd7 9. Bf4 Nh5 10. Bc1 f5 11. Nc3 dxc4 12. e4 Nb6 13. Rd1 Nf6 14. Ne5 Nfd7 15.
Nxd7 Bxd7 16. d5 cxd5 17. exd5 Qc8 18. Qe2 Bf6 19. dxe6 Bc6 20. Rd6 Bxg2 21.
Kxg2 Qc5 22. Bf4 Rfe8 23. Rad1 Rac8 24. Qf3 Qb4 25. Qxb7 Qxb2 26. Qxa7 Qxc3 27.
Qf7+ Kh8 28. Rxb6 Qc2 29. Rd7 c3 30. Rc7 Qe4+ 31. Kh3 Qe2 32. Kg2 c2 33. Rbb7
Qe4+ 34. Kh3 Qh1 35. Qxg7+ Bxg7 36. Rxg7 Qxb7 37. Rxb7 Rxe6 0-1

[Event "Elit(Stockholms SS-Vasteras)"]
[Site "?"]
[Date "2024.03.08"]
[Round "7"]
[White "Tuomainen, Felix"]
[Black "Eriksson, Anders"]
[Result "1-0"]
[WhiteElo "2219"]
[BlackElo "2200"]
[PlyCount "87"]
[SourceVersionDate "2024.03.12"]

1. d4 Nf6 2. c4 e6 3. Nc3 Bb4 4. a3 Bxc3+ 5. bxc3 c5 6. f3 Nc6 7. e4 d6 8. Be3
b6 9. Bd3 e5 10. d5 Na5 11. Ne2 Ba6 12. Ng3 Ng8 13. Qe2 Qd7 14. a4 f6 15. f4
exf4 16. Bxf4 Ne7 17. O-O O-O-O 18. Be3 Kb8 19. Bf4 Ng6 20. Nf5 Nxf4 21. Rxf4
Rde8 22. Raf1 Kc7 23. h4 Rhg8 24. h5 Qxa4 25. h6 gxh6 26. Nxh6 Rg6 27. Rxf6
Rxf6 28. Rxf6 Qa1+ 29. Rf1 Qxc3 30. Rf7+ Kb8 31. Nf5 Bxc4 32. Bxc4 Qxc4 33. Qh5
Qxe4 34. Nxd6 Qe1+ 35. Rf1 Qe3+ 36. Kh1 Rd8 37. Nf7 Qe8 38. Qh2+ Ka8 39. Nxd8
Qxd8 40. Qxh7 Nc4 41. Rf7 Nd6 42. Rd7 Qb8 43. Qh6 Nb7 44. Rh7 1-0

[Event "Elit(Kungstornet-LASK)"]
[Site "?"]
[Date "2024.03.08"]
[Round "7"]
[White "Glimbrant, Torbjorn"]
[Black "Olsson, Linus"]
[Result "1/2-1/2"]
[WhiteElo "2010"]
[BlackElo "2214"]
[PlyCount "51"]
[SourceVersionDate "2024.03.11"]

1. Nf3 g6 2. e4 c5 3. d4 cxd4 4. Nxd4 Nf6 5. Nc3 d6 6. Be2 Bg7 7. O-O O-O 8.
Be3 Nc6 9. Qd2 Ng4 10. Bxg4 Bxg4 11. f4 Bd7 12. Rad1 Na5 13. b3 Nc6 14. h3 Rc8
15. Nce2 a6 16. c4 Nxd4 17. Bxd4 b5 18. Bxg7 Kxg7 19. cxb5 Bxb5 20. Rfe1 Bxe2
21. Qxe2 Qb6+ 22. Kh1 Rc5 23. Rd5 Rfc8 24. Qb2+ Kg8 25. Qd4 R5c6 26. Qxb6
1/2-1/2

[Event "Elit(Wasa-Eksjö)"]
[Site "?"]
[Date "2024.03.08"]
[Round "7"]
[White "Heberla, Bartlomiej"]
[Black "Hellers, Ferdinand"]
[Result "1/2-1/2"]
[WhiteElo "2546"]
[BlackElo "2591"]
[PlyCount "149"]
[SourceVersionDate "2024.03.11"]

1. Nf3 Nf6 2. c4 g6 3. Nc3 Bg7 4. e4 d6 5. d4 O-O 6. Bd3 c5 7. d5 e6 8. h3 exd5
9. cxd5 b5 10. Nxb5 Re8 11. O-O Nxe4 12. Re1 a6 13. Nc3 Nxc3 14. bxc3 Nd7 15.
Bg5 Bf6 16. Rxe8+ Qxe8 17. Qd2 Bb7 18. Bxf6 Nxf6 19. c4 Qd8 20. Rb1 Bc8 21. Qf4
Kg7 22. g4 Ra7 23. Rb8 Qc7 24. Rb2 Qd8 25. Rb8 Qc7 26. Rb2 Qd8 27. Qc1 Kg8 28.
Qc3 Rb7 29. Re2 h5 30. g5 Nh7 31. Qe1 Kf8 32. Qc3 Kg8 33. Qe1 Kf8 34. Kh2 Re7
35. Rxe7 Qxe7 36. Qxe7+ Kxe7 37. Kg3 Nf8 38. Nh4 f5 39. Bc2 Kf7 40. Kf4 a5 41.
Nf3 Ba6 42. Nd2 Nd7 43. Bd3 Nb6 44. Ke3 Ke7 45. f4 Kd7 46. Bf1 Ke7 47. Be2 Kd7
48. Bf1 Ke7 49. Kf2 Kd7 50. Ke1 Ke7 51. Kd1 Kd7 52. Kc2 Ke7 53. Kc3 Na4+ 54.
Kb3 Nb6 55. Kc3 Na4+ 56. Kc2 Nb6 57. Bd3 Kf7 58. Kc3 Na4+ 59. Kb3 Nb6 60. Bc2
Ke7 61. Ka3 Kf7 62. Bd1 Ke7 63. h4 Kd7 64. Kb3 Ke7 65. Bf3 Kd7 66. Bg2 Ke7 67.
Kc3 Na4+ 68. Kb3 Nb6 69. Kc3 Na4+ 70. Kc2 Nb6 71. Bf1 Kd7 72. Bd3 Ke7 73. Kc3
Na4+ 74. Kb3 Nb6 75. Kc3 1/2-1/2

[Event "Elit(Limhamn-SK Rockaden, Stockholm)"]
[Site "?"]
[Date "2024.03.08"]
[Round "7"]
[White "Hammer, Jon Ludvig"]
[Black "Domingo Nunez, Ruben"]
[Result "1-0"]
[WhiteElo "2612"]
[BlackElo "2439"]
[PlyCount "71"]
[SourceVersionDate "2024.03.11"]

1. e4 c6 2. d4 d5 3. e5 Bf5 4. Nf3 e6 5. Be2 Nd7 6. O-O h6 7. a4 Ne7 8. a5 a6
9. b4 Ng6 10. Ne1 h5 11. c3 h4 12. Bg4 Qe7 13. Nd3 O-O-O 14. Re1 Re8 15. Na3 h3
16. g3 Be4 17. f3 Bf5 18. f4 Bxg4 19. Qxg4 f5 20. Qf3 Kb8 21. c4 Rc8 22. b5 Qd8
23. bxa6 bxa6 24. Bd2 Ne7 25. Bb4 dxc4 26. Rab1 Ka7 27. Nc5 Nd5 28. Nxe6 Bxb4
29. Nxd8 Rhxd8 30. Nxc4 Rb8 31. Rec1 Bc3 32. Qd3 Rxb1 33. Rxb1 g6 34. Ne3 Bxa5
35. Nxd5 cxd5 36. Ra1 1-0